Making a Difference with Nursing Research / (Record no. 17265)
[ view plain ]
| 000 -LEADER | |
|---|---|
| fixed length control field | 00682cam a2200217 a 4500 |
| 001 - CONTROL NUMBER | |
| control field | 17410279 |
| 005 - DATE AND TIME OF LATEST TRANSACTION | |
| control field | 20130207120605.0 |
| 008 - FIXED-LENGTH DATA ELEMENTS--GENERAL INFORMATION | |
| fixed length control field | 120731s2013 maua b 001 0 eng |
| 020 ## - INTERNATIONAL STANDARD BOOK NUMBER | |
| International Standard Book Number | 0132343991 (pbk.) |
| 020 ## - INTERNATIONAL STANDARD BOOK NUMBER | |
| International Standard Book Number | 9780132343992 (pbk.) |
| 082 00 - DEWEY DECIMAL CLASSIFICATION NUMBER | |
| Classification number | 610.73072 |
| Edition number | 23 |
| Item number | LAN |
| 100 1# - MAIN ENTRY--PERSONAL NAME | |
| Personal name | Langford, Rae. |
| 9 (RLIN) | 32511 |
| 245 10 - TITLE STATEMENT | |
| Title | Making a Difference with Nursing Research / |
| Statement of responsibility, etc | Rae Langford, Anne Young. |
| 260 ## - PUBLICATION, DISTRIBUTION, ETC. (IMPRINT) | |
| Place of publication, distribution, etc | Boston : |
| Name of publisher, distributor, etc | Pearson, |
| Date of publication, distribution, etc | c2013. |
| 300 ## - PHYSICAL DESCRIPTION | |
| Extent | xv, 248 p. : |
| Other physical details | col. ill. ; |
| Dimensions | 23 cm. |
| 504 ## - BIBLIOGRAPHY, ETC. NOTE | |
| Bibliography, etc | Includes bibliographical references and index. |
| 650 #0 - SUBJECT ADDED ENTRY--TOPICAL TERM | |
| Topical term or geographic name as entry element | Nursing |
| General subdivision | Research. |
| 9 (RLIN) | 28914 |
| 653 ## - INDEX TERM--UNCONTROLLED | |
| Resource For college | |
| Arrived date list | February2013 |
| 700 1# - ADDED ENTRY--PERSONAL NAME | |
| Personal name | Young, Anne. |
| 9 (RLIN) | 32512 |
| 942 ## - ADDED ENTRY ELEMENTS (KOHA) | |
| Source of classification or shelving scheme | Dewey Decimal Classification |
| Item type | |
| Withdrawn status | Item status | Source of classification or shelving scheme | Damaged status | Not for loan | Vendor | Home library | Current library | Shelving location | Date acquired | Source of acquisition | Cost, normal purchase price | Serial Enumeration / chronology | Total Checkouts | Total Renewals | Full call number | Barcode | Date last seen | Date last borrowed | Koha item type |
|---|---|---|---|---|---|---|---|---|---|---|---|---|---|---|---|---|---|---|---|
| Dewey Decimal Classification | Baccah | Central Library | Central Library | First floor | 07/02/2013 | 289.00 | 16975 | 14 | 147 | 610.73072 LAN | 000028036 | 15/07/2025 | 28/02/2017 | Book - Borrowing |